Statistics for Recognized and Non-Recognized Countries and Territories of the World Quiz

Click here to take the quiz!

General Stats

  • This quiz has been taken 948 times
  • The average score is 193 of 257

Answers on the Map

Answers color-coded by a green-red scale on the quiz's map according to % correct below.
Loading ...
 

Answer Stats

Country% Correct
United States
93%
Canada
91%
Mexico
89%
Greenland
89%
Iceland
88%
France
87%
Russia
87%
Brazil
87%
Cuba
87%
United Kingdom
87%
Ireland
86%
Norway
86%
China
86%
Denmark
86%
Argentina
86%
Uruguay
86%
Chile
86%
Spain
85%
Haiti
85%
Portugal
85%
Panama
85%
Germany
85%
Dominican Republic
85%
Paraguay
85%
Peru
85%
Bolivia
85%
Sweden
85%
Japan
85%
Bahamas
85%
India
84%
North Korea
84%
Australia
84%
Italy
84%
Honduras
84%
Turkey
84%
Colombia
84%
Venezuela
84%
Ecuador
84%
Madagascar
84%
Finland
84%
Vatican City
83%
Nepal
83%
Luxembourg
83%
Democratic Republic
of the Congo
83%
Greece
83%
Netherlands
83%
Lithuania
83%
Estonia
83%
Philippines
83%
Costa Rica
83%
Guatemala
83%
Jamaica
83%
Belize
83%
Egypt
83%
Mongolia
83%
Indonesia
83%
Taiwan
83%
South Africa
83%
Hungary
83%
Poland
83%
Suriname
83%
Sudan
83%
Guyana
83%
Belgium
83%
Iran
83%
Ukraine
83%
South Korea
83%
Nicaragua
83%
Latvia
82%
Morocco
82%
Iraq
82%
Kazakhstan
82%
Papua New Guinea
82%
Georgia
82%
Niger
82%
Pakistan
82%
Oman
82%
New Zealand
82%
Israel
82%
Libya
82%
Republic of the Congo
82%
Slovakia
82%
United Arab Emirates
82%
Belarus
82%
Trinidad and Tobago
82%
Vietnam
82%
Ethiopia
82%
Switzerland
82%
Sri Lanka
82%
South Sudan
82%
Austria
82%
Somalia
82%
Malaysia
82%
Croatia
82%
Yemen
82%
Romania
82%
Cyprus
82%
Czech Republic
82%
San Marino
82%
El Salvador
82%
Algeria
82%
Dominica
82%
Saudi Arabia
82%
Armenia
81%
Uzbekistan
81%
Jordan
81%
Kenya
81%
Namibia
81%
Afghanistan
81%
Kosovo
81%
Myanmar
81%
Albania
81%
Laos
81%
Kyrgyzstan
81%
Syria
81%
Turkmenistan
81%
Tunisia
81%
Monaco
81%
Thailand
81%
Bosnia and
Herzegovina
81%
Bulgaria
81%
Cambodia
81%
Nigeria
81%
Central African Republic
81%
Chad
81%
Slovenia
81%
Palestine
81%
Liechtenstein
81%
Malta
81%
Serbia
81%
Montenegro
80%
Zimbabwe
80%
Mozambique
80%
North Macedonia
80%
Singapore
80%
Tajikistan
80%
Tanzania
80%
Togo
80%
Uganda
80%
Zambia
80%
Mauritania
80%
Lesotho
80%
Bhutan
80%
Mali
80%
Maldives
80%
Bangladesh
80%
Andorra
80%
Angola
80%
Eritrea
80%
Lebanon
80%
Azerbaijan
80%
Saint Lucia
79%
Guinea
79%
Brunei
79%
Saint Kitts and Nevis
79%
Comoros
79%
Ghana
79%
Senegal
79%
Seychelles
79%
Rwanda
79%
Qatar
79%
Falkland Islands
79%
Botswana
79%
Eswatini
79%
Kuwait
79%
Liberia
79%
Benin
79%
Ivory Coast
79%
Mauritius
79%
Moldova
79%
Malawi
79%
Saint Vincent and
the Grenadines
79%
Hong Kong
79%
Western Sahara
78%
Djibouti
78%
Fiji
78%
Burundi
78%
Gabon
78%
Gambia
78%
Cape Verde
78%
Palau
78%
Bahrain
78%
Cameroon
78%
Equatorial Guinea
78%
Burkina Faso
78%
Barbados
78%
East Timor
77%
São Tomé and Príncipe
77%
Puerto Rico
77%
Federated States
of Micronesia
77%
Grenada
77%
Guinea-Bissau
77%
Antigua and Barbuda
77%
Samoa
77%
Sierra Leone
76%
Solomon Islands
76%
Tonga
76%
Vanuatu
76%
Marshall Islands
76%
Nauru
76%
Kiribati
76%
Tuvalu
75%
Bermuda
75%
Faroe Islands
74%
Gibraltar
74%
Isle of Man
73%
Northern Cyprus
72%
Macau
71%
Aruba
70%
British Virgin Islands
69%
United States
Virgin Islands
68%
Somaliland
67%
Svalbard
66%
Guam
65%
Jersey
64%
Curaçao
64%
Azores
62%
Guernsey
62%
French Polynesia
61%
Christmas Island
59%
South Ossetia
59%
Cayman Islands
57%
Saint Helena,
Ascension and
Tristan da Cunha
57%
Abkhazia
57%
Saint Martin
56%
New Caledonia
56%
Åland Islands
56%
Sint Maarten
56%
American Samoa
55%
Transnistria
54%
Cook Islands
53%
Niue
53%
Northern Mariana
Islands
52%
South Georgia
and the South
Sandwich Islands
51%
Turks and
Caicos Islands
51%
Ceuta
51%
Bonaire
50%
Melilla
48%
Artsakh
48%
Madeira
48%
Saint Pierre
and Miquelon
47%
Montserrat
47%
Anguilla
47%
British Indian
Ocean Territory
43%
Pitcairn
42%
Cocos (Keeling)
Islands
39%
Tokelau
36%
Norfolk Island
35%
Akrotiri and Dhekelia
35%
Jan Mayen
35%
Wallis and Futuna
34%
Saint Barthélemy
34%
Saba
30%
Sint Eustatius
28%
Coral Sea Islands
22%
Heard Island and
McDonald Islands
22%
Ashmore and
Cartier Islands
18%

Score Distribution

Percentile by Number Answered

Percent of People with Each Score

Your Score History

You have not taken this quiz